<?xml version="1.0" encoding="UTF-8"?>
<record
    xmlns:xsi="http://www.w3.org/2001/XMLSchema-instance"
    xsi:schemaLocation="http://www.loc.gov/MARC21/slim http://www.loc.gov/standards/marcxml/schema/MARC21slim.xsd"
    xmlns="http://www.loc.gov/MARC21/slim">

  <leader>01211nam1a2200289 i 4500</leader>
  <controlfield tag="001">RU\NLR\bibl\316825</controlfield>
  <controlfield tag="005">20260419041934.0</controlfield>
  <datafield tag="035" ind1=" " ind2=" ">
    <subfield code="a">(NLR Aleph) 000311903</subfield>
  </datafield>
  <datafield tag="090" ind1=" " ind2=" ">
    <subfield code="a">42925</subfield>
    <subfield code="c">42925</subfield>
  </datafield>
  <datafield tag="100" ind1=" " ind2=" ">
    <subfield code="a">20021009g20029999u  y0rusy50      ca</subfield>
  </datafield>
  <datafield tag="101" ind1="0" ind2=" ">
    <subfield code="a">rus</subfield>
  </datafield>
  <datafield tag="102" ind1=" " ind2=" ">
    <subfield code="a">RU</subfield>
  </datafield>
  <datafield tag="105" ind1=" " ind2=" ">
    <subfield code="a">a   |||||||||</subfield>
  </datafield>
  <datafield tag="200" ind1="1" ind2=" ">
    <subfield code="a">&#x422;&#x440;&#x430;&#x43D;&#x441;&#x444;&#x435;&#x440; &#x442;&#x435;&#x445;&#x43D;&#x43E;&#x43B;&#x43E;&#x433;&#x438;&#x439; &#x432; &#x441;&#x432;&#x43E;&#x431;&#x43E;&#x434;&#x43D;&#x44B;&#x445; &#x44D;&#x43A;&#x43E;&#x43D;&#x43E;&#x43C;&#x438;&#x447;&#x435;&#x441;&#x43A;&#x438;&#x445; &#x437;&#x43E;&#x43D;&#x430;&#x445;. &#x422;&#x435;&#x43D;&#x434;&#x435;&#x43D;&#x446;&#x438;&#x438;. &#x422;&#x435;&#x43E;&#x440;&#x438;&#x44F; &#x438; &#x43F;&#x440;&#x430;&#x43A;&#x442;&#x438;&#x43A;&#x430; ("&#x422;&#x420;&#x410;&#x41D;&#x421;&#x422;&#x415;&#x425; - 2002")</subfield>
    <subfield code="e">&#x421;&#x431;. &#x434;&#x43E;&#x43A;&#x43B;. &#x41F;&#x435;&#x440;&#x432;&#x43E;&#x439; &#x43C;&#x435;&#x436;&#x434;&#x443;&#x43D;&#x430;&#x440;. &#x43D;&#x430;&#x443;&#x447;.-&#x43F;&#x440;&#x430;&#x43A;&#x442;. &#x43A;&#x43E;&#x43D;&#x444;., &#x413;&#x43E;&#x43C;&#x435;&#x43B;&#x44C;, 15-17 &#x43C;&#x430;&#x44F; 2002 &#x433;.</subfield>
    <subfield code="f">[&#x421;&#x43E;&#x441;&#x442;.: &#x412;.&#x424;. &#x411;&#x44B;&#x43A; &#x438; &#x434;&#x440;.]</subfield>
  </datafield>
  <datafield tag="210" ind1=" " ind2=" ">
    <subfield code="a">&#x413;&#x43E;&#x43C;&#x435;&#x43B;&#x44C;</subfield>
    <subfield code="c">&#x418;&#x41C;&#x41C;&#x421;</subfield>
    <subfield code="d">2002</subfield>
  </datafield>
  <datafield tag="215" ind1=" " ind2=" ">
    <subfield code="d">29</subfield>
  </datafield>
  <datafield tag="300" ind1=" " ind2=" ">
    <subfield code="a">&#x412; &#x43D;&#x430;&#x434;&#x437;&#x430;&#x433;.: &#x421;&#x42D;&#x417; "&#x413;&#x43E;&#x43C;&#x435;&#x43B;&#x44C;-&#x420;&#x430;&#x442;&#x43E;&#x43D;"</subfield>
  </datafield>
  <datafield tag="463" ind1=" " ind2="0">
    <subfield code="1">001308395</subfield>
  </datafield>
  <datafield tag="606" ind1=" " ind2=" ">
    <subfield code="a">&#x421;&#x432;&#x43E;&#x431;&#x43E;&#x434;&#x43D;&#x44B;&#x435; &#x44D;&#x43A;&#x43E;&#x43D;&#x43E;&#x43C;&#x438;&#x447;&#x435;&#x441;&#x43A;&#x438;&#x435; &#x437;&#x43E;&#x43D;&#x44B;</subfield>
    <subfield code="j">&#x421;&#x44A;&#x435;&#x437;&#x434;&#x44B;, &#x441;&#x43E;&#x432;&#x435;&#x449;&#x430;&#x43D;&#x438;&#x44F; &#x438; &#x442;.&#x43F;.</subfield>
    <subfield code="3">RU\NLR\auth\66448039</subfield>
    <subfield code="9">1128633</subfield>
  </datafield>
  <datafield tag="686" ind1=" " ind2=" ">
    <subfield code="a">&#x423;58&#x44F;431</subfield>
  </datafield>
  <datafield tag="702" ind1=" " ind2="1">
    <subfield code="a">&#x411;&#x44B;&#x43A;</subfield>
    <subfield code="b">&#x412;. &#x424;.</subfield>
    <subfield code="4">220</subfield>
  </datafield>
  <datafield tag="801" ind1=" " ind2="0">
    <subfield code="a">RU</subfield>
    <subfield code="b">NLR</subfield>
    <subfield code="c">20021009</subfield>
    <subfield code="g">PSBO</subfield>
  </datafield>
  <datafield tag="801" ind1=" " ind2="1">
    <subfield code="a">RU</subfield>
    <subfield code="b">NLR</subfield>
    <subfield code="c">20021009</subfield>
  </datafield>
  <datafield tag="852" ind1=" " ind2=" ">
    <subfield code="a">NLR</subfield>
    <subfield code="j">2002-8/2611</subfield>
  </datafield>
  <datafield tag="942" ind1=" " ind2=" ">
    <subfield code="c">BOOK</subfield>
  </datafield>
</record>
